00345nam a2200109Ia 4500008004100000082001800041100002000059245005000079260005400129300000900183650004300192211119s9999||||xx |||||||||||||| ||und|| a539.72bSEI-P aSeiden, Abraham 0aParticle Physics:A Comprehensive Introduction bPearson India Education ServicesaNew Delhic2009 a487p asciencevPhysicsPhysicsxGeneral Stack